Anti-defection law in India and the Commonwealth / (Record no. 657)

MARC details
000 -LEADER
fixed length control field 01338cam a2200373 a 4500
001 - CONTROL NUMBER
control field 14238810
003 - CONTROL NUMBER IDENTIFIER
control field OSt
005 - DATE AND TIME OF LATEST TRANSACTION
control field 20230606122345.0
008 - FIXED-LENGTH DATA ELEMENTS--GENERAL INFORMATION
fixed length control field 060124s2005 ii l 001 0 eng
010 ## - LIBRARY OF CONGRESS CONTROL NUMBER
LC control number 2006310326
020 ## - INTERNATIONAL STANDARD BOOK NUMBER
International Standard Book Number 812000406X
025 ## - OVERSEAS ACQUISITION NUMBER
Overseas acquisition number I-E-2006-310326; 76-13
037 ## - SOURCE OF ACQUISITION
Source of stock number/acquisition Library of Congress -- New Delhi Overseas Office
040 ## - CATALOGING SOURCE
Original cataloging agency DLC
Transcribing agency DLC
Modifying agency DLC
042 ## - AUTHENTICATION CODE
Authentication code lcode
043 ## - GEOGRAPHIC AREA CODE
Geographic area code a-ii---
-- b------
050 00 - LIBRARY OF CONGRESS CALL NUMBER
Classification number KNS2183
Item number .M35 2005
082 ## - DEWEY DECIMAL CLASSIFICATION NUMBER
Classification number 342.5405521
Item number MAL
100 1# - MAIN ENTRY--PERSONAL NAME
Personal name Malhotra, G. C.
245 10 - TITLE STATEMENT
Title Anti-defection law in India and the Commonwealth /
Statement of responsibility, etc. G.C. Malhotra.
260 ## - PUBLICATION, DISTRIBUTION, ETC. (IMPRINT)
Place of publication, distribution, etc. New Delhi :
Name of publisher, distributor, etc. [Published for] Lok Sabha Secretariat [by] Metropolitan Book Co.,
Date of publication, distribution, etc. 2005.
300 ## - PHYSICAL DESCRIPTION
Extent xxvi, 1206 p. ;
Dimensions 25 cm.
500 ## - GENERAL NOTE
General note Includes index.
610 10 - SUBJECT ADDED ENTRY--CORPORATE NAME
Corporate name or jurisdiction name as entry element India.
Subordinate unit Parliament
General subdivision Rules and practice.
650 #0 - SUBJECT ADDED ENTRY--TOPICAL TERM
Topical term or geographic name as entry element Party affiliation
General subdivision Law and legislation
Geographic subdivision India.
650 #0 - SUBJECT ADDED ENTRY--TOPICAL TERM
Topical term or geographic name as entry element Legislators
General subdivision Legal status, laws, etc.
Geographic subdivision India.
650 #0 - SUBJECT ADDED ENTRY--TOPICAL TERM
Topical term or geographic name as entry element Party affiliation
General subdivision Law and legislation
Geographic subdivision Commonwealth countries.
650 #0 - SUBJECT ADDED ENTRY--TOPICAL TERM
Topical term or geographic name as entry element Legislators
General subdivision Legal status, laws, etc.
Geographic subdivision Commonwealth countries.
653 ## - INDEX TERM--UNCONTROLLED
Uncontrolled term Legislators changing party
710 1# - ADDED ENTRY--CORPORATE NAME
Corporate name or jurisdiction name as entry element India.
Subordinate unit Parliament.
-- Lok Sabha.
-- Secretariat.
906 ## - LOCAL DATA ELEMENT F, LDF (RLIN)
a 7
b ibc
c origode
d 2
e ncip
f 20
g y-gencatlg
942 ## - ADDED ENTRY ELEMENTS (KOHA)
Source of classification or shelving scheme Dewey Decimal Classification
Koha item type Books
Holdings
Withdrawn status Lost status Source of classification or shelving scheme Damaged status Not for loan Home library Current library Date acquired Total Checkouts Full call number Barcode Date last seen Price effective from Koha item type
    Dewey Decimal Classification     Bunge Tower Library Bunge Tower Library 06/06/2023   342.5405521 MAL 10001407 06/06/2023 06/06/2023 Books
LIBRARY OPENING HOURS

When the Parliament is sitting: 8.00a.m - 7.00p.m or until the house adjourns
Mondays and Fridays and when the House is on Recess:  8.00a.m - 5.00p.m
Closed on Weekends and Public Holidays

Online Public Access Catalog (OPAC)
Website: http://www.parliament.go.ke
Bunge Library: https://libraryir.parliament.go.ke
Contact: library@parliament.go.ke | Tel no: (254-2)2221291 or 2848000 Ext 5043